| 000 | 00793cam a2200265 a 4500 | ||
|---|---|---|---|
| 008 | |||
| 020 | _a0073404489 (pbk.) | ||
| 049 | _aMAIN | ||
| 090 |
_aQ161.2 _bTIL |
||
| 100 | 1 | _aTillery, Bill W. | |
| 245 | 1 | 0 |
_aIntegrated science / _cBill W. Tillery, Eldon D. Enger, Frederick C. Ross. |
| 250 | _a4th ed. | ||
| 260 |
_aBoston : _bMcGraw-Hill Higher Education, _cc2008. |
||
| 300 |
_axviii, 749 p. : _bcol. ill. ; _c28 cm. |
||
| 500 | _aIncludes index. | ||
| 504 | _aIncludes bibliographical references. | ||
| 650 | 0 |
_aScience _vTextbooks. |
|
| 700 | 1 | _aEnger, Eldon D. | |
| 700 | 1 | _aRoss, Frederick C. | |
| 907 |
_a.b10292974 _b11-04-18 _c08-03-11 |
||
| 003 | |||
| 005 | 20230123125152.0 | ||
| 040 | _cNUST | ||
| 942 |
_cBOOKS _kQ161.2 _mTIL |
||
| 999 |
_c136885 _d136885 |
||